000 00737nam a2200229 a 4500
999 _c10721
_d10721
001 10721
003 BD-JhCC
005 20230208134023.0
008 180811s20182014bg |||| |||| 000 0 ben d
020 _a978984906602
035 _a(BD-JhCC)10721
040 _aBD-JhCC
_dBD-JhCC
041 _aben
082 _a891.443
_bJOL 2018
100 _aজলদাস, হরিশংকর
245 _aআমি মৃণালিনী নই /
_cহরিশংকর জলদাস,
260 _aঢাকা :
_bপ্রথমা প্রকাশন,
_c২০১৮.
300 _a১৬৭ পৃ. :
_c২৪ সেমি.
650 _aবাংলা উপন্যাস
650 _aBengali Novel
942 _2ddc
_cBK
_023